000 01884nam a2200217 4500
005 20250403160230.0
008 250403b |||||||| |||| 00| 0 eng d
020 _a9781009525244
037 _cTextual
040 _aRTL
_cRTL
084 _aY9(W6).2.N R4
_qRTL
100 _aDasgupta, Sandipto
_9751812
245 _aLegalizing he Revolution: India& the constitution of the postcolony
260 _aUnited Kingdom
_bCambridge University Press
_c2024
300 _axvii, 490p.
_bIncludes notes and index
520 _aAnticolonial movements of the twentieth century generated ambitious ideas of freedom. Following decolonization, the challenge was to give an institutional form to those ideas. Through an original account of India's constitution making, Legalizing the Revolution explores the promises, challenges, and contradictions of that task. In contrast to derived templates, Dasgupta theorizes the distinctively postcolonial constitution through an innovative synthesis of the history of decolonization and constitutional theory. The book traces the contentious transition from the tumult of popular anticolonial politics to the ordered calculus of postcolonial governance; and then explains how major institutions – parliament, judiciary, rights, property – were formed by that foundational tension. A major contribution to postcolonial political theory, the book excavates the unrealized futures of decolonization. At the same time, through a critical account of the making of the postcolonial constitutional order, it offers keys to understanding the present crisis of that order, including and especially in India.
650 _aDecolonization -- India -- History -- 20th century
_9751813
650 _aConstitutional history -- India
_9751814
650 _aConstitutional law -- India
_9751815
942 _2CC
_n0
_cTB
_hY9(W6).2.N R4
999 _c1308443
_d1308443